Manual Interactivo 7º ano (Registo nº 995)
[ vista simples ]
| 000 -Etiqueta do registo | |
|---|---|
| Cabeçalho | 01117cl a2200301 i 4500 |
| 005 - Identificador da versão | |
| Campo de controlo | 20240813121821.0 |
| 035 ## - Other System Control Numbers | |
| System Control Number | 0001060 |
| System Control Number | 0001043 |
| 100 ## - Dados gerais de processamento | |
| Dados gerais de processamento | 20091214 m y0pory5003 ba |
| 102 ## - Pais de publicação ou produção | |
| País de publicação | Portugal |
| 101 0# - Língua de publicação | |
| Língua do texto, banda sonora, etc. | Português |
| 215 ## - Descrição física | |
| Indicação específica da natureza do documento e extensão da espécie | 1 disco óptico numérico (CD-Rom) |
| Dimensões | 13x14 cm. |
| 200 1# - Titulo e menção de responsabilidade | |
| Título próprio | Manual Interactivo 7º ano |
| Indicação geral da natureza do documento | Recurso electrónico |
| 225 ## - Colecção | |
| Título próprio da colecção | Escola Virtual |
| 205 ## - Menção da edição | |
| Menção da edição | 1ª ed. |
| 210 ## - Publicação, Distribuição, etc. | |
| Lugar da edição, distribuição, etc. | Porto |
| Nome do editor, distribuidor, etc. | Porto Editora Multimédia |
| Data da publicação, distribuição, etc. | 2008 |
| 337 ## - Nota relativa a pormenores técnicos (ficheiros de computador) (provisória) | |
| Texto da nota | Requisitos do sistema : Processador a 800 MHz; 256 MB de memória RAM; Leitor de DVD-ROM; Placa de som; Placa gráfica (milhares de cores a 1024x768) |
| 300 ## - Notas gerais | |
| Texto da nota | aContém exercícios para 7 disciplinas: matemática, língua portuguesa, ciências naturais, ciências físico-químicas, inglês, história, geografia |
| 336 ## - Nota relativa ao tipo de ficheiro de computador (provisória) | |
| Texto da nota | Sofware desenvolvido para Windows XP e Windoms vista |
| 304 ## - Notas relativas a título e menção de responsabilidade | |
| Texto da nota | Tít. retirado da etiqueta |
| 675 ## - Classificação Decimal Universal (CDU) | |
| Notação | 51(075.2)(086.8) |
| Edição | BN |
| Língua da edição | por |
| 942 ## - Elementos de entrada adicionados (Koha) | |
| Tipo de item no Koha | Livro |
| Situação do levantamento | Origin of item (home branch) (coded) | Biblioteca de empréstimo | Código de barras | Cota | Circulation type (not for loan) | Tipo de documento | Nota do exemplar | Damaged status |
|---|---|---|---|---|---|---|---|---|
| Biblioteca Escolar Eng. Nuno Mergulhão | Biblioteca Escolar Eng. Nuno Mergulhão | BENM1747 | 1747 DVDR | CD-ROM | Sem mensagem |
